000 00729nam a2200217 i 4500
001 100451
003 ES-MaACL
005 20250919111023.0
007 t|
008 050928s1967 sp ||||1| spa d
100 1 _aMarx, Karl,
_d1818-1883
_978590
245 1 0 _aTeoría económica /
_cKarl Marx; edición y selección preparada por Robert Freedman; introducción de Harry Schwartz; [traducción de Jordi Solé-Tura].
250 _a[1ª ed.].
260 _aMadrid :
_bPenínsula,
_c1967.
300 _a306 p. ;
_c20 cm.
700 1 _aFreedman, Robert.
_952421
700 1 _aSchwartz, Harry.
_9104868
700 1 _aSolé Tura, Jordi,
_d1930-2009
_9107136
852 _aES-MaACL
_jC-32467
_bR.63190
999 _c100451
_d100451